Príncipes de psychologie / (Record no. 165690)
[ view plain ]
| 000 -LEADER | |
|---|---|
| campo de control de longitud fija | 00910nam a2200229 i 4500 |
| 001 - NÚMERO DE CONTROL | |
| campo de control | 165690 |
| 003 - IDENTIFICADOR DE NÚMERO DE CONTROL | |
| campo de control | ES-MaACL |
| 005 - FECHA Y HORA DE LA ÚLTIMA TRANSACCIÓN | |
| campo de control | 20250822062556.0 |
| 008 - DATOS DE LONGITUD FIJA--INFORMACIÓN GENERAL | |
| campo de control de longitud fija | 980121m18741875fr |||| | fre d |
| 040 ## - FUENTE DE CATALOGACIÓN | |
| Centro catalogador/agencia de origen | NA |
| Lengua de catalogación | spa |
| Centro/agencia transcriptor | NA |
| 100 1# - ENTRADA PRINCIPAL--NOMBRE DE PERSONA | |
| Nombre de persona | Spencer, Herbert, |
| Fechas asociadas al nombre | 1820-1903 |
| 9 (RLIN) | 107684 |
| 245 10 - MENCIÓN DEL TÍTULO | |
| Título | Príncipes de psychologie / |
| Mención de responsabilidad, etc. | par Herbert Spencer ; traduits sur la nouvelle édition anglaise par Th. Ribot et A. Espinas. |
| 260 ## - PUBLICACIÓN, DISTRIBUCIÓN, ETC. | |
| Lugar de publicación, distribución, etc. | Paris : |
| Nombre del editor, distribuidor, etc. | Librairie Germer Baillière, |
| Fecha de publicación, distribución, etc. | 1874-1875 ( |
| Lugar de fabricación/manufactura | Coulommiers : |
| Fabricante | Typ. A. Moussin) |
| 300 ## - DESCRIPCIÓN FÍSICA | |
| Extensión | 2 v.(XV, 741 ; 694 p.) ; |
| Dimensiones | 22 cm. |
| 510 4# - NOTA DE CITAS O REFERENCIAS BIBLIOGRÁFICAS | |
| Nombre de la fuente | WWW BN-OPALE Plus, 20/02/2001 |
| 596 ## - NOTA AL PIE DE IMPRENTA | |
| NOTA AL PIE DE IMPRENTA | En el vol. II el impresor es : "Saint-Denis : Imprimerie Ch. Lambert" |
| 650 07 - PUNTO DE ACCESO ADICIONAL DE MATERIA--TÉRMINO DE MATERIA | |
| Término de materia o nombre geográfico como elemento de entrada | Psicología |
| Fuente del encabezamiento o término | embne |
| 9 (RLIN) | 16540 |
| 700 1# - ENTRADA AGREGADA--NOMBRE PERSONAL | |
| Nombre de persona | Ribot, Théodule, |
| Fechas asociadas al nombre | 1839-1916 |
| 9 (RLIN) | 96838 |
| 852 ## - LOCALIZACIÓN | |
| Ubicación | ES-MaACL |
| Número de control de estantería | B-7175-76 |
| Nota libre | -- Enc. pasta española |
| Estatus retirado | Estado de pérdida | Estado de daño | No para préstamo | Colección | Biblioteca de origen | Biblioteca actual | Ubicación en estantería | Fecha de adquisición | Total de préstamos | Signatura topográfica completa | Código de barras | Visto por última vez | Precio de reemplazo | Tipo de ítem Koha |
|---|---|---|---|---|---|---|---|---|---|---|---|---|---|---|
| Libros del s. XIX | Biblioteca del Ateneo de Madrid | Biblioteca del Ateneo de Madrid | Sala Pardo Bazán | 17/01/2008 | B-7175-76 | 1173763 | 23/02/2023 | 23/02/2023 | Libro impreso antiguo |
